Explanation in geography/ (Record no. 1678789)
[ view plain ]
| 000 -LEADER | |
|---|---|
| fixed length control field | 00656nam a22002297a 4500 |
| 003 - CONTROL NUMBER IDENTIFIER | |
| control field | OSt |
| 005 - DATE AND TIME OF LATEST TRANSACTION | |
| control field | 20260206120439.0 |
| 008 - FIXED-LENGTH DATA ELEMENTS--GENERAL INFORMATION | |
| fixed length control field | 260206b |||||||| |||| 00| 0 eng d |
| 020 ## - INTERNATIONAL STANDARD BOOK NUMBER | |
| International Standard Book Number | 978-81-7033-786-7 |
| 037 ## - SOURCE OF ACQUISITION | |
| Terms of availability | Textbook |
| 040 ## - CATALOGING SOURCE | |
| Original cataloging agency | FEDL |
| Language of cataloging | eng |
| Transcribing agency | FEDL |
| 041 ## - LANGUAGE CODE | |
| Language code of text/sound track or separate title | eng |
| Language code of original | eng |
| 082 ## - DEWEY DECIMAL CLASSIFICATION NUMBER | |
| Classification number | 910 HAR/R |
| 100 ## - MAIN ENTRY--PERSONAL NAME | |
| Personal name | Harver, David |
| 9 (RLIN) | 1114163 |
| 245 ## - TITLE STATEMENT | |
| Title | Explanation in geography/ |
| Statement of responsibility, etc. | David Harper |
| 260 ## - PUBLICATION, DISTRIBUTION, ETC. | |
| Place of publication, distribution, etc. | Jaipur |
| Name of publisher, distributor, etc. | Rawat Publications |
| Date of publication, distribution, etc. | Indian reprint, 2024 |
| 300 ## - PHYSICAL DESCRIPTION | |
| Extent | xx, 521p. |
| 365 ## - TRADE PRICE | |
| Price type code | INR |
| Price amount | 495.00 |
| 650 ## - SUBJECT ADDED ENTRY--TOPICAL TERM | |
| Topical term or geographic name entry element | GEOGRAPHY |
| 9 (RLIN) | 1114164 |
| 942 ## - ADDED ENTRY ELEMENTS (KOHA) | |
| Source of classification or shelving scheme | Dewey Decimal Classification |
| Koha item type | Textbook |
| Classification part | 910 HAR/R |
| Suppress in OPAC | No |
| Withdrawn status | Lost status | Source of classification or shelving scheme | Damaged status | Not for loan | Collection | Home library | Current library | Shelving location | Date acquired | Total Checkouts | Full call number | Barcode | Date last seen | Price effective from | Koha item type |
|---|---|---|---|---|---|---|---|---|---|---|---|---|---|---|---|
| Dewey Decimal Classification | General | Department of Education Library | Department of Education Library | General Stacks | 2026-02-06 | 910 HAR/R | EL0094581 | 2026-02-06 | 2026-02-06 | Textbook | |||||
| Dewey Decimal Classification | General | Department of Education Library | Department of Education Library | General Stacks | 2026-02-06 | 910 HAR/R | EL0094582 | 2026-02-06 | 2026-02-06 | Textbook | |||||
| Dewey Decimal Classification | General | Department of Education Library | Department of Education Library | General Stacks | 2026-02-06 | 910 HAR/R | EL0094583 | 2026-02-06 | 2026-02-06 | Textbook | |||||
| Dewey Decimal Classification | General | Department of Education Library | Department of Education Library | General Stacks | 2026-02-06 | 910 HAR/R | EL0094584 | 2026-02-06 | 2026-02-06 | Textbook | |||||
| Dewey Decimal Classification | General | Department of Education Library | Department of Education Library | General Stacks | 2026-02-06 | 910 HAR/R | EL0094585 | 2026-02-06 | 2026-02-06 | Textbook |
